000 01055nam a22002297a 4500
001 3890
003 FISKH
005 20241212150917.0
008 240521b cb ||||| |||| 00| 0 eng d
020 _a9781623157968
040 _aFISKH
_beng
_cFISKH
_dFISKH
050 _aPZ7
082 _a428.2
100 _aMcLendon, Lisa
245 _aThe perfect English grammar workbook:
_bSimple rules and quizzes to master today's English /
_cLisa McLendon
260 _aBerkeley :
_bZephyros Press,
_c2017.
300 _a211 pages :
_c26 cm
520 _aSimple instructions followed by self-directed quizzes; RELEVANT, ENGAGING EXAMPLES that demonstrate grammar rules with wit, humor, and contemporary appeal; RECENT, UP-TO-DATE RULES based on the English language we use today; A WIDE VARIETY OF EXERCISES that make learning fun; HELPFUL FEATURES FOR CLASSROOM USE including standalone answer keys for easy photocopying and color-coded pages for quick navigation.
650 _aTo-read
_vEducation
_xAcademic Book
942 _2ddc
_cBK
_n0
999 _c3890
_d3890